| 000 | 01220cam a2200277 i 4500 | ||
|---|---|---|---|
| 003 | SA-RiAUC | ||
| 005 | 20241013135922.0 | ||
| 008 | 241013s1997 su g b f000 0 ara c | ||
| 020 | _a9960032108 | ||
| 040 |
_aSA-RiAUC _bara _cSA-RiAUC _erda |
||
| 082 | 0 | 4 |
_a811.4 _qSA-RiAUC |
| 090 |
_a811.4 _b ح ا ر |
||
| 100 | 1 |
_aالحارثي، ضيف الله سعد حامد _eمؤلف. |
|
| 245 | 1 | 0 |
_aصور من الشعر الاجتماعي في العصر العباسي / _cتأليف ضيف الله سعد الحارثي. |
| 264 | 1 |
_aمكة المكرمة : _bجامعة أم القرى، معهد البحوث العلمية وإحياء التراث الإسلامي، _c1997 |
|
| 300 |
_a189 صفحة ؛ _c24 سم. |
||
| 336 |
_aنص _btxt _2rdacontent _3كتاب |
||
| 337 |
_aبدون وسيط _bn _2rdamedia |
||
| 338 |
_aمجلد _bnc _2rdacarrier |
||
| 490 | 0 | _aسلسلة بحوث اللغة العربية وآدابها | |
| 504 | _aيشتمل على إرجاعات ببليوجرافية. | ||
| 650 | 7 |
_aالشعر العربي _xتاريخ ونقد _yالعصر العباسي _2aucsh |
|
| 856 | 4 | _uhttp://10.0.0.2:201/966.pdf | |
| 942 |
_2ddc _cBOOK _n0 |
||
| 949 |
_aSA-JeALM _d241013 _umohamedma123 _n1 |
||
| 999 |
_c1262 _d1262 |
||